[Event "Deutsche Ländermeisterschaft 2021"]
[Site "Neumünster GER"]
[Date "2021.10.02"]
[Round "1"]
[White "Geltz, Noah"]
[Black "Dauner, Benedikt"]
[Result "0-1"]
[Termination "normal"]
[Board "6.2"]
[WhiteElo "2088"]
[BlackElo "2133"]
[WhiteClock "00:00:51"]
[BlackClock "00:16:23"]
[WhiteTeam "Württemberg"]
[BlackTeam "Baden"]
[PlyCount "78"]
[WhiteFideId "16224256"]
[BlackFideId "16225899"]
[EventCountry "GER"]
[EventRounds "7"]
[EventType "team-swiss"]
[EventDate "2021.10.01"]

1. e4 {[%clk 1:30:56]} c6 {[%clk 1:30:48]} 2. d4 {[%clk 1:31:06]} d5 {[%clk
1:31:11]} 3. e5 {[%clk 1:31:00]} Bf5 {[%clk 1:31:30]} 4. h4 {[%clk 1:31:16]} h5
{[%clk 1:31:42]} 5. Bd3 {[%clk 1:31:35]} Bxd3 {[%clk 1:31:20]} 6. Qxd3 {[%clk
1:31:56]} e6 {[%clk 1:31:29]} 7. Nf3 {[%clk 1:29:30]} Ne7 {[%clk 1:30:32]} 8.
Bg5 {[%clk 1:22:22]} Qb6 {[%clk 1:30:26]} 9. c4 {[%clk 1:15:00]} Qxb2 {[%clk
1:15:17]} 10. O-O {[%clk 1:11:43]} dxc4 {[%clk 1:11:27]} 11. Qxc4 {[%clk
1:12:02]} b5 {[%clk 1:10:53]} 12. Qc3 {[%clk 0:57:14]} Qxc3 {[%clk 1:11:12]}
13. Nxc3 {[%clk 0:57:40]} Nd7 {[%clk 1:08:31]} 14. Ne4 {[%clk 0:50:38]} Nd5
{[%clk 1:05:29]} 15. Rfc1 {[%clk 0:42:25]} Rc8 {[%clk 1:05:27]} 16. a4 {[%clk
0:39:44]} b4 {[%clk 1:04:42]} 17. a5 {[%clk 0:37:10]} f6 {[%clk 1:03:36]} 18.
Bd2 {[%clk 0:33:36]} Kf7 {[%clk 0:51:57]} 19. Rab1 {[%clk 0:29:40]} Be7 {[%clk
0:51:05]} 20. Rc4 {[%clk 0:21:21]} Rhd8 {[%clk 0:35:14]} 21. Nd6+ {[%clk
0:15:46]} Bxd6 {[%clk 0:35:37]} 22. exd6 {[%clk 0:16:14]} c5 {[%clk 0:26:52]}
23. Rbc1 {[%clk 0:12:54]} b3 {[%clk 0:26:51]} 24. Rb1 {[%clk 0:12:16]} cxd4
{[%clk 0:26:06]} 25. Rxc8 {[%clk 0:12:28]} Rxc8 {[%clk 0:26:30]} 26. Nxd4
{[%clk 0:11:03]} Nc5 {[%clk 0:25:33]} 27. d7 {[%clk 0:10:46]} Nxd7 {[%clk
0:25:37]} 28. Rxb3 {[%clk 0:10:28]} Nc5 {[%clk 0:25:53]} 29. Rb1 {[%clk
0:09:22]} Ne4 {[%clk 0:23:51]} 30. Be1 {[%clk 0:09:08]} Nd6 {[%clk 0:19:49]}
31. Kh2 {[%clk 0:06:15]} Rc4 {[%clk 0:19:41]} 32. Nf3 {[%clk 0:05:45]} Kg6
{[%clk 0:18:54]} 33. Bd2 {[%clk 0:03:35]} Rc2 {[%clk 0:17:10]} 34. Rb8 {[%clk
0:03:07]} Ne4 {[%clk 0:17:12]} 35. Be1 {[%clk 0:02:29]} Nxf2 {[%clk 0:17:29]}
36. Rb7 {[%clk 0:01:25]} Ng4+ {[%clk 0:17:52]} 37. Kg3 {[%clk 0:01:40]} Nde3
{[%clk 0:17:35]} 38. Rxa7 {[%clk 0:01:16]} Rc1 {[%clk 0:16:05]} 39. Bd2 {[%clk
0:00:51]} Nf1+ {[%clk 0:16:23]} 0-1

[Event "Deutsche Ländermeisterschaft 2021"]
[Site "Neumünster GER"]
[Date "2021.10.02"]
[Round "1"]
[White "Hecht, Jonas Christian"]
[Black "Ensslinger, Colin"]
[Result "1/2-1/2"]
[Termination "normal"]
[Board "6.3"]
[WhiteElo "1968"]
[BlackElo "1708"]
[WhiteClock "00:10:23"]
[BlackClock "00:16:53"]
[WhiteTeam "Baden"]
[BlackTeam "Württemberg"]
[PlyCount "55"]
[WhiteFideId "16214846"]
[BlackFideId "16226011"]
[EventCountry "GER"]
[EventRounds "7"]
[EventType "team-swiss"]
[EventDate "2021.10.01"]

1. e4 {[%clk 1:30:57]} c5 {[%clk 1:30:59]} 2. Nf3 {[%clk 1:31:21]} e6 {[%clk
1:31:24]} 3. d4 {[%clk 1:31:46]} cxd4 {[%clk 1:31:49]} 4. Nxd4 {[%clk 1:32:11]}
Nf6 {[%clk 1:32:14]} 5. Nc3 {[%clk 1:32:36]} Nc6 {[%clk 1:31:58]} 6. Nxc6
{[%clk 1:27:19]} bxc6 {[%clk 1:32:22]} 7. Bd3 {[%clk 1:20:24]} Qc7 {[%clk
1:30:03]} 8. O-O {[%clk 1:15:09]} e5 {[%clk 1:28:56]} 9. Bg5 {[%clk 1:06:55]}
Be7 {[%clk 1:22:01]} 10. Qf3 {[%clk 0:58:18]} d6 {[%clk 1:19:17]} 11. h3 {[%clk
0:50:35]} O-O {[%clk 1:17:41]} 12. Qg3 {[%clk 0:48:23]} Nh5 {[%clk 1:15:22]}
13. Qh4 {[%clk 0:47:44]} Bxg5 {[%clk 1:15:42]} 14. Qxg5 {[%clk 0:47:58]} Nf4
{[%clk 1:16:00]} 15. Rfd1 {[%clk 0:42:00]} Bxh3 {[%clk 1:11:33]} 16. Bf1 {[%clk
0:42:28]} Be6 {[%clk 1:08:11]} 17. g3 {[%clk 0:36:46]} h6 {[%clk 1:06:39]} 18.
Qh4 {[%clk 0:36:34]} Ng6 {[%clk 1:07:02]} 19. Qh5 {[%clk 0:36:17]} Rab8 {[%clk
1:06:03]} 20. b3 {[%clk 0:35:17]} Qa5 {[%clk 1:04:52]} 21. Na4 {[%clk 0:32:17]}
d5 {[%clk 1:01:30]} 22. exd5 {[%clk 0:32:07]} cxd5 {[%clk 0:59:56]} 23. Bd3
{[%clk 0:32:04]} Qc7 {[%clk 0:48:46]} 24. Bxg6 {[%clk 0:23:26]} fxg6 {[%clk
0:49:08]} 25. Qe2 {[%clk 0:23:35]} Rf6 {[%clk 0:29:39]} 26. Rd2 {[%clk
0:18:10]} Rb4 {[%clk 0:28:59]} 27. a3 {[%clk 0:15:17]} Rb8 {[%clk 0:16:53]} 28.
b4 {[%clk 0:10:23]} 1/2-1/2

[Event "Deutsche Ländermeisterschaft 2021"]
[Site "Neumünster GER"]
[Date "2021.10.02"]
[Round "1"]
[White "Schwartz, Oliver"]
[Black "Doll, Rebecca"]
[Result "0-1"]
[Termination "normal"]
[Board "6.4"]
[WhiteElo "1761"]
[BlackElo "1970"]
[WhiteClock "00:19:22"]
[BlackClock "00:24:58"]
[WhiteTeam "Württemberg"]
[BlackTeam "Baden"]
[PlyCount "90"]
[WhiteFideId "16207459"]
[BlackFideId "16236890"]
[EventCountry "GER"]
[EventRounds "7"]
[EventType "team-swiss"]
[EventDate "2021.10.01"]

1. d4 {[%clk 1:30:55]} Nf6 {[%clk 1:30:52]} 2. c4 {[%clk 1:31:08]} e6 {[%clk
1:31:18]} 3. Nf3 {[%clk 1:31:30]} d5 {[%clk 1:31:42]} 4. Nc3 {[%clk 1:31:42]}
c6 {[%clk 1:31:42]} 5. Bg5 {[%clk 1:26:35]} Nbd7 {[%clk 1:32:01]} 6. e3 {[%clk
1:18:06]} Qa5 {[%clk 1:28:55]} 7. Bxf6 {[%clk 1:09:54]} Nxf6 {[%clk 1:29:09]}
8. Bd3 {[%clk 1:06:23]} dxc4 {[%clk 1:20:43]} 9. Bxc4 {[%clk 1:05:40]} Bb4
{[%clk 1:12:14]} 10. Rc1 {[%clk 1:00:24]} O-O {[%clk 1:01:35]} 11. O-O {[%clk
0:55:29]} b6 {[%clk 0:55:51]} 12. Ne5 {[%clk 0:45:41]} Bb7 {[%clk 0:50:12]} 13.
Qf3 {[%clk 0:39:42]} Nd5 {[%clk 0:45:03]} 14. Ne4 {[%clk 0:31:10]} Be7 {[%clk
0:34:52]} 15. Bb3 {[%clk 0:18:17]} Qb5 {[%clk 0:30:30]} 16. Nc4 {[%clk
0:14:43]} Rad8 {[%clk 0:29:37]} 17. Qg3 {[%clk 0:13:44]} Ba8 {[%clk 0:21:31]}
18. Ncd6 {[%clk 0:10:29]} Bxd6 {[%clk 0:21:04]} 19. Nxd6 {[%clk 0:10:54]} Qb4
{[%clk 0:21:20]} 20. Ne4 {[%clk 0:10:40]} f5 {[%clk 0:11:13]} 21. Rc4 {[%clk
0:09:39]} Qe7 {[%clk 0:10:56]} 22. Ng5 {[%clk 0:07:42]} Rf6 {[%clk 0:07:57]}
23. Nf3 {[%clk 0:06:34]} Rg6 {[%clk 0:05:52]} 24. Qh3 {[%clk 0:06:01]} Nf6
{[%clk 0:04:42]} 25. Ne5 {[%clk 0:03:58]} Rh6 {[%clk 0:04:41]} 26. Qf3 {[%clk
0:03:34]} c5 {[%clk 0:04:18]} 27. Qe2 {[%clk 0:03:40]} cxd4 {[%clk 0:04:26]}
28. exd4 {[%clk 0:03:41]} Bd5 {[%clk 0:03:19]} 29. Nc6 {[%clk 0:03:23]} Qc7
{[%clk 0:03:27]} 30. Ne5 {[%clk 0:02:01]} Bxc4 {[%clk 0:03:51]} 31. Bxc4 {[%clk
0:02:26]} Nd5 {[%clk 0:03:33]} 32. Nf3 {[%clk 0:02:14]} Kh8 {[%clk 0:02:06]}
33. Re1 {[%clk 0:01:59]} Nf4 {[%clk 0:02:25]} 34. Qd2 {[%clk 0:01:47]} Rg6
{[%clk 0:01:54]} 35. Bf1 {[%clk 0:01:37]} Nd5 {[%clk 0:01:24]} 36. Ne5 {[%clk
0:01:53]} Rf6 {[%clk 0:01:41]} 37. Rc1 {[%clk 0:02:10]} Qb7 {[%clk 0:01:17]}
38. Rc6 {[%clk 0:01:25]} Ne7 {[%clk 0:01:33]} 39. Rxe6 {[%clk 0:01:36]} Ng8
{[%clk 0:01:05]} 40. Bc4 {[%clk 0:01:04]} Rxe6 {[%clk 0:00:53]} 41. Bxe6 {[%clk
0:29:51]} Nh6 {[%clk 0:30:28]} 42. h3 {[%clk 0:24:44]} Qe4 {[%clk 0:27:21]} 43.
Qb4 Qxd4 {[%clk 0:25:18]} 44. Qe7 {[%clk 0:18:56]} Qd1+ {[%clk 0:24:58]} 45.
Kh2 {[%clk 0:19:22]} Qd6 {[%clk 0:24:58]} 0-1

[Event "Deutsche Ländermeisterschaft 2021"]
[Site "Neumünster GER"]
[Date "2021.10.02"]
[Round "1"]
[White "Nied, Pascal"]
[Black "Chugunov, Ivan"]
[Result "1-0"]
[Termination "normal"]
[Board "6.5"]
[WhiteElo "1878"]
[BlackElo "1515"]
[WhiteClock "00:34:15"]
[BlackClock "00:51:35"]
[WhiteTeam "Baden"]
[BlackTeam "Württemberg"]
[PlyCount "75"]
[WhiteFideId "16260597"]
[BlackFideId "16256808"]
[EventCountry "GER"]
[EventRounds "7"]
[EventType "team-swiss"]
[EventDate "2021.10.01"]

1. e4 {[%clk 1:30:30]} c5 {[%clk 1:30:30]} 2. Nf3 {[%clk 1:30:30]} e6 {[%clk
1:31:23]} 3. d4 {[%clk 1:31:50]} cxd4 {[%clk 1:31:45]} 4. Nxd4 {[%clk 1:32:17]}
Nc6 {[%clk 1:32:05]} 5. Nc3 {[%clk 1:32:40]} Qc7 {[%clk 1:32:25]} 6. Be2 {[%clk
1:32:58]} a6 {[%clk 1:32:33]} 7. O-O {[%clk 1:33:00]} Nf6 {[%clk 1:32:07]} 8.
Be3 {[%clk 1:33:19]} b5 {[%clk 1:31:44]} 9. Nxc6 {[%clk 1:18:45]} Qxc6 {[%clk
1:31:34]} 10. e5 {[%clk 1:14:57]} Bb7 {[%clk 1:25:21]} 11. Bf3 {[%clk 1:14:41]}
Nd5 {[%clk 1:25:25]} 12. Nxd5 {[%clk 1:13:53]} exd5 {[%clk 1:25:26]} 13. Qd2
{[%clk 1:08:35]} d6 {[%clk 1:16:01]} 14. Bd4 {[%clk 1:01:20]} dxe5 {[%clk
1:13:05]} 15. Bxe5 {[%clk 1:01:28]} f6 {[%clk 1:13:00]} 16. Rfe1 {[%clk
0:54:47]} Be7 {[%clk 1:10:32]} 17. Bc3 {[%clk 0:52:32]} Kf7 {[%clk 1:08:32]}
18. Rad1 {[%clk 0:44:22]} Rad8 {[%clk 1:07:19]} 19. Ba5 {[%clk 0:42:12]} Rd6
{[%clk 0:57:06]} 20. Bb4 {[%clk 0:35:54]} Rd7 {[%clk 0:56:04]} 21. Bxe7 {[%clk
0:34:28]} Rxe7 {[%clk 0:56:13]} 22. Rxe7+ {[%clk 0:34:34]} Kxe7 {[%clk
0:56:28]} 23. Bxd5 {[%clk 0:34:44]} Qxd5 {[%clk 0:55:44]} 24. Qb4+ {[%clk
0:34:45]} Ke6 {[%clk 0:55:24]} 25. Rxd5 {[%clk 0:34:48]} Bxd5 {[%clk 0:55:42]}
26. Qg4+ {[%clk 0:34:06]} Ke5 {[%clk 0:54:38]} 27. Qxg7 {[%clk 0:33:35]} Rg8
{[%clk 0:53:26]} 28. Qe7+ {[%clk 0:33:42]} Kf5 {[%clk 0:53:21]} 29. Qxh7+
{[%clk 0:33:43]} Ke5 {[%clk 0:53:22]} 30. Qe7+ {[%clk 0:33:39]} Kf5 {[%clk
0:53:30]} 31. f3 {[%clk 0:32:26]} a5 {[%clk 0:51:14]} 32. Qd7+ {[%clk 0:32:25]}
Ke5 {[%clk 0:51:31]} 33. Qxb5 {[%clk 0:32:39]} Ra8 {[%clk 0:51:12]} 34. c4
{[%clk 0:32:59]} Rd8 {[%clk 0:50:45]} 35. Qxa5 {[%clk 0:33:09]} Rd7 {[%clk
0:50:53]} 36. Qxd5+ {[%clk 0:33:25]} Rxd5 {[%clk 0:51:09]} 37. cxd5 {[%clk
0:33:49]} Kxd5 {[%clk 0:51:35]} 38. h4 {[%clk 0:34:15]} 1-0

[Event "Deutsche Ländermeisterschaft 2021"]
[Site "Neumünster GER"]
[Date "2021.10.02"]
[Round "1"]
[White "Skembris, Simon Max"]
[Black "Dohon, Maria-Johanna"]
[Result "1-0"]
[Termination "normal"]
[Board "6.7"]
[WhiteElo "1268"]
[BlackElo "1521"]
[WhiteClock "01:09:45"]
[BlackClock "00:26:26"]
[WhiteTeam "Baden"]
[BlackTeam "Württemberg"]
[PlyCount "92"]
[WhiteFideId "16281381"]
[BlackFideId "34600957"]
[EventCountry "GER"]
[EventRounds "7"]
[EventType "team-swiss"]
[EventDate "2021.10.01"]

1. e4 {[%clk 1:30:30]} c6 {[%clk 1:30:54]} 2. d4 {[%clk 1:31:22]} d5 {[%clk
1:31:18]} 3. Nd2 {[%clk 1:31:35]} dxe4 {[%clk 1:31:14]} 4. Nxe4 {[%clk
1:31:58]} Nf6 {[%clk 1:30:48]} 5. Nxf6+ {[%clk 1:32:18]} exf6 {[%clk 1:31:03]}
6. Nf3 {[%clk 1:31:52]} Bd6 {[%clk 1:29:40]} 7. Bd3 {[%clk 1:30:58]} Bg4 {[%clk
1:25:59]} 8. Qe2+ {[%clk 1:28:59]} Be6 {[%clk 1:18:56]} 9. O-O {[%clk 1:27:24]}
O-O {[%clk 1:14:56]} 10. c3 {[%clk 1:25:16]} Nd7 {[%clk 1:14:32]} 11. Re1
{[%clk 1:22:01]} Re8 {[%clk 1:10:33]} 12. Nh4 {[%clk 1:18:41]} Nf8 {[%clk
0:53:59]} 13. Be3 {[%clk 1:16:15]} Qc7 {[%clk 0:52:15]} 14. g3 {[%clk 1:13:47]}
c5 {[%clk 0:36:07]} 15. dxc5 {[%clk 1:12:35]} Bxc5 {[%clk 0:36:27]} 16. Bf4
{[%clk 1:11:17]} Qb6 {[%clk 0:34:15]} 17. Be3 {[%clk 1:08:36]} Rad8 {[%clk
0:30:34]} 18. Bxc5 {[%clk 1:07:50]} Qxc5 {[%clk 0:31:01]} 19. Qc2 {[%clk
1:06:09]} a6 {[%clk 0:19:31]} 20. Nf5 {[%clk 1:03:33]} Ng6 {[%clk 0:18:53]} 21.
Nd4 {[%clk 1:02:40]} Bd5 {[%clk 0:15:23]} 22. Be4 {[%clk 0:57:26]} Bxe4 {[%clk
0:14:52]} 23. Rxe4 {[%clk 0:57:47]} Rxe4 {[%clk 0:12:59]} 24. Qxe4 {[%clk
0:58:01]} Qb6 {[%clk 0:11:38]} 25. Qe2 {[%clk 0:55:30]} h6 {[%clk 0:09:54]} 26.
Rd1 {[%clk 0:53:01]} Ne5 {[%clk 0:07:17]} 27. Kg2 {[%clk 0:51:37]} Qc7 {[%clk
0:05:03]} 28. Re1 {[%clk 0:44:14]} b5 {[%clk 0:04:09]} 29. f4 {[%clk 0:43:07]}
Qb7+ {[%clk 0:02:52]} 30. Qe4 {[%clk 0:40:58]} Qxe4+ {[%clk 0:03:11]} 31. Rxe4
{[%clk 0:41:21]} Ng6 {[%clk 0:03:11]} 32. Kf3 {[%clk 0:41:24]} Kf8 {[%clk
0:02:32]} 33. Ke3 {[%clk 0:41:03]} h5 {[%clk 0:02:07]} 34. h4 {[%clk 0:41:11]}
Ne7 {[%clk 0:01:43]} 35. Rxe7 {[%clk 0:41:26]} Kxe7 {[%clk 0:02:04]} 36. Nc6+
{[%clk 0:41:50]} Kd7 {[%clk 0:02:20]} 37. Nxd8 {[%clk 0:42:14]} Kxd8 {[%clk
0:02:46]} 38. Kd4 {[%clk 0:42:26]} Kd7 {[%clk 0:01:01]} 39. Kd5 {[%clk
0:42:21]} g6 {[%clk 0:00:41]} 40. a3 {[%clk 0:41:36]} f5 {[%clk 0:00:35]} 41.
b3 {[%clk 0:41:00]} f6 {[%clk 0:00:34]} 42. b4 {[%clk 0:39:54]} Ke7 {[%clk
0:28:54]} 43. Kc6 {[%clk 1:09:15]} Ke6 {[%clk 0:29:05]} 44. Kc5 {[%clk
1:09:24]} g5 {[%clk 0:26:41]} 45. Kc6 {[%clk 1:09:21]} gxh4 {[%clk 0:26:26]}
46. gxh4 {[%clk 1:09:45]} Kd5+ 1-0

[Event "Deutsche Ländermeisterschaft 2021"]
[Site "Neumünster GER"]
[Date "2021.10.02"]
[Round "1"]
[White "Stasaitis, Paulina"]
[Black "Haug, Mara"]
[Result "0-1"]
[Termination "normal"]
[Board "6.8"]
[WhiteElo "1280"]
[BlackElo "1326"]
[WhiteClock "00:14:42"]
[BlackClock "00:15:46"]
[WhiteTeam "Württemberg"]
[BlackTeam "Baden"]
[PlyCount "88"]
[WhiteFideId "34606165"]
[BlackFideId "16259300"]
[EventCountry "GER"]
[EventRounds "7"]
[EventType "team-swiss"]
[EventDate "2021.10.01"]

1. d4 {[%clk 1:30:30]} Nf6 {[%clk 1:30:30]} 2. Nf3 {[%clk 1:30:31]} g6 {[%clk
1:29:06]} 3. e3 {[%clk 1:27:25]} Bg7 {[%clk 1:28:16]} 4. Bd3 {[%clk 1:26:07]}
d5 {[%clk 1:24:10]} 5. Nbd2 {[%clk 1:19:27]} Nc6 {[%clk 1:21:02]} 6. a3 {[%clk
1:13:30]} Nd7 {[%clk 1:15:26]} 7. h4 {[%clk 1:11:55]} e5 {[%clk 1:12:05]} 8.
dxe5 {[%clk 1:11:04]} Ndxe5 {[%clk 1:11:17]} 9. Bb5 {[%clk 1:10:09]} Bd7 {[%clk
1:04:35]} 10. Nb3 {[%clk 1:02:53]} a6 {[%clk 1:01:52]} 11. Bd3 {[%clk 0:56:36]}
Bg4 {[%clk 0:55:41]} 12. Be2 {[%clk 0:52:16]} h5 {[%clk 0:51:37]} 13. Nxe5
{[%clk 0:51:55]} Nxe5 {[%clk 0:50:47]} 14. Nc5 {[%clk 0:42:01]} Bxe2 {[%clk
0:42:59]} 15. Qxe2 {[%clk 0:41:20]} Qd6 {[%clk 0:41:40]} 16. Nd3 {[%clk
0:40:00]} Nc4 {[%clk 0:39:47]} 17. Ra2 {[%clk 0:33:47]} O-O-O {[%clk 0:37:25]}
18. b3 {[%clk 0:31:50]} Bc3+ {[%clk 0:36:02]} 19. Kf1 {[%clk 0:28:14]} Nb6
{[%clk 0:32:00]} 20. Bb2 {[%clk 0:26:12]} Bxb2 {[%clk 0:30:26]} 21. Nxb2 {[%clk
0:26:08]} Nd7 {[%clk 0:29:22]} 22. c4 {[%clk 0:23:10]} d4 {[%clk 0:26:24]} 23.
exd4 {[%clk 0:22:00]} Qxd4 {[%clk 0:26:21]} 24. Rh3 {[%clk 0:20:57]} Rhe8
{[%clk 0:23:39]} 25. Qd3 {[%clk 0:19:00]} Nc5 {[%clk 0:23:02]} 26. Qxd4 {[%clk
0:18:19]} Rxd4 {[%clk 0:23:21]} 27. b4 {[%clk 0:17:56]} Ne4 {[%clk 0:19:40]}
28. Rd3 {[%clk 0:16:00]} Nd2+ {[%clk 0:17:58]} 29. Kg1 {[%clk 0:15:43]} Re1+
{[%clk 0:16:59]} 30. Kh2 {[%clk 0:15:59]} Rxh4+ {[%clk 0:16:27]} 31. Kg3 {[%clk
0:16:10]} Rg4+ {[%clk 0:16:09]} 32. Kh2 {[%clk 0:15:48]} Nf1+ {[%clk 0:15:31]}
33. Kh3 {[%clk 0:16:02]} Ne3 {[%clk 0:14:30]} 34. Ra1 {[%clk 0:15:10]} Rxa1
{[%clk 0:14:40]} 35. Nd1 {[%clk 0:15:19]} Nxd1 {[%clk 0:14:46]} 36. g3 {[%clk
0:15:22]} Nxf2+ {[%clk 0:15:08]} 37. Kg2 {[%clk 0:15:47]} Nxd3 {[%clk 0:15:31]}
38. b5 {[%clk 0:15:41]} Ra2+ {[%clk 0:15:27]} 39. Kf3 {[%clk 0:15:58]} Ne5+
{[%clk 0:15:13]} 40. Ke3 {[%clk 0:16:14]} Rxa3+ {[%clk 0:15:28]} 41. Kf2 {[%clk
0:16:37]} Rxc4 {[%clk 0:15:38]} 42. Ke1 {[%clk 0:14:57]} Ra2 {[%clk 0:15:26]}
43. Kd1 {[%clk 0:15:10]} Nd3 {[%clk 0:15:46]} 44. b6 {[%clk 0:14:42]} Rc1# 0-1

[Event "Deutsche Ländermeisterschaft 2021"]
[Site "Neumünster GER"]
[Date "2021.10.02"]
[Round "1"]
[White "Fromm, Marius"]
[Black "Nguyen, Alex Dac-Vuong"]
[Result "1/2-1/2"]
[Termination "normal"]
[Board "7.1"]
[WhiteTitle "FM"]
[BlackTitle "FM"]
[WhiteElo "2342"]
[BlackElo "2286"]
[WhiteClock "00:41:36"]
[BlackClock "00:10:01"]
[WhiteTeam "Mecklenburg-Vorpommern"]
[BlackTeam "Sachsen"]
[PlyCount "44"]
[WhiteFideId "12993190"]
[BlackFideId "12984388"]
[EventCountry "GER"]
[EventRounds "7"]
[EventType "team-swiss"]
[EventDate "2021.10.01"]

1. e4 {[%clk 1:30:56]} c6 {[%clk 1:30:52]} 2. d4 {[%clk 1:31:20]} d5 {[%clk
1:31:17]} 3. exd5 {[%clk 1:31:32]} cxd5 {[%clk 1:31:41]} 4. Bd3 {[%clk
1:31:57]} Nc6 {[%clk 1:32:05]} 5. c3 {[%clk 1:32:23]} Nf6 {[%clk 1:32:23]} 6.
h3 {[%clk 1:32:49]} g6 {[%clk 1:28:19]} 7. Nf3 {[%clk 1:33:13]} Qc7 {[%clk
1:28:29]} 8. O-O {[%clk 1:33:37]} Bf5 {[%clk 1:25:24]} 9. Ne5 {[%clk 1:33:51]}
Nxe5 {[%clk 1:16:11]} 10. dxe5 {[%clk 1:34:16]} Qxe5 {[%clk 1:03:39]} 11. Bb5+
{[%clk 1:34:37]} Bd7 {[%clk 1:00:03]} 12. Bxd7+ {[%clk 1:35:00]} Nxd7 {[%clk
0:57:05]} 13. Re1 {[%clk 1:35:24]} Qd6 {[%clk 0:52:24]} 14. c4 {[%clk 1:33:19]}
Bg7 {[%clk 0:45:25]} 15. Nc3 {[%clk 1:33:43]} Bxc3 {[%clk 0:37:01]} 16. bxc3
{[%clk 1:34:11]} O-O {[%clk 0:37:14]} 17. cxd5 {[%clk 1:31:32]} Nb6 {[%clk
0:31:33]} 18. Bh6 {[%clk 1:22:08]} Rfe8 {[%clk 0:23:12]} 19. c4 {[%clk
1:02:10]} Rac8 {[%clk 0:21:46]} 20. Rc1 {[%clk 1:00:29]} Nxc4 {[%clk 0:15:47]}
21. Qg4 {[%clk 0:43:26]} b5 {[%clk 0:13:06]} 22. Rcd1 {[%clk 0:41:36]} Rcd8
{[%clk 0:10:01]} 1/2-1/2

[Event "Deutsche Ländermeisterschaft 2021"]
[Site "Neumünster GER"]
[Date "2021.10.02"]
[Round "1"]
[White "Richter, Philipp"]
[Black "Großmann, Piet"]
[Result "1-0"]
[Termination "normal"]
[Board "7.2"]
[WhiteElo "2227"]
[BlackElo "1953"]
[WhiteClock "00:24:35"]
[BlackClock "00:04:16"]
[WhiteTeam "Sachsen"]
[BlackTeam "Mecklenburg-Vorpommern"]
[PlyCount "89"]
[WhiteFideId "16219929"]
[BlackFideId "16234359"]
[EventCountry "GER"]
[EventRounds "7"]
[EventType "team-swiss"]
[EventDate "2021.10.01"]

1. d4 {[%clk 1:30:56]} Nf6 {[%clk 1:30:53]} 2. c4 {[%clk 1:31:21]} e6 {[%clk
1:31:18]} 3. Nf3 {[%clk 1:31:46]} Bb4+ {[%clk 1:31:40]} 4. Nc3 {[%clk 1:32:07]}
b6 {[%clk 1:30:43]} 5. Qb3 {[%clk 1:32:29]} Bxc3+ {[%clk 1:30:16]} 6. Qxc3
{[%clk 1:32:17]} Bb7 {[%clk 1:30:25]} 7. Bf4 {[%clk 1:29:21]} d6 {[%clk
1:25:56]} 8. g3 {[%clk 1:27:01]} Nbd7 {[%clk 1:22:12]} 9. Bg2 {[%clk 1:27:20]}
O-O {[%clk 1:20:47]} 10. O-O {[%clk 1:27:42]} a5 {[%clk 1:19:16]} 11. a3 {[%clk
1:25:02]} a4 {[%clk 1:18:09]} 12. Rad1 {[%clk 1:21:17]} Qe7 {[%clk 1:15:54]}
13. Rfe1 {[%clk 1:14:03]} Ne4 {[%clk 1:08:52]} 14. Qc2 {[%clk 1:13:44]} f5
{[%clk 1:08:52]} 15. Ng5 {[%clk 1:03:22]} Ndf6 {[%clk 0:57:46]} 16. f3 {[%clk
0:59:02]} Nxg5 {[%clk 0:57:42]} 17. Bxg5 {[%clk 0:59:22]} h6 {[%clk 0:50:25]}
18. Bd2 {[%clk 0:54:56]} Nd7 {[%clk 0:43:09]} 19. Bc3 {[%clk 0:49:45]} e5
{[%clk 0:35:48]} 20. e3 {[%clk 0:47:44]} e4 {[%clk 0:33:39]} 21. fxe4 {[%clk
0:46:12]} Bxe4 {[%clk 0:33:49]} 22. Bxe4 {[%clk 0:46:31]} Qxe4 {[%clk 0:26:30]}
23. Qxe4 {[%clk 0:45:50]} fxe4 {[%clk 0:26:54]} 24. Rf1 {[%clk 0:46:06]} Rxf1+
{[%clk 0:21:03]} 25. Rxf1 {[%clk 0:46:14]} Rf8 {[%clk 0:21:26]} 26. Rf4 {[%clk
0:45:26]} Rxf4 {[%clk 0:20:32]} 27. exf4 {[%clk 0:45:45]} c6 {[%clk 0:18:17]}
28. d5 {[%clk 0:44:51]} cxd5 {[%clk 0:18:31]} 29. cxd5 {[%clk 0:45:12]} Kf7
{[%clk 0:11:35]} 30. Kf2 {[%clk 0:37:34]} Nf6 {[%clk 0:07:19]} 31. Bxf6 {[%clk
0:37:43]} Kxf6 {[%clk 0:07:46]} 32. g4 {[%clk 0:25:36]} g5 {[%clk 0:05:33]} 33.
Ke3 {[%clk 0:25:58]} gxf4+ {[%clk 0:05:24]} 34. Kxf4 {[%clk 0:23:08]} e3 {[%clk
0:02:56]} 35. Kxe3 {[%clk 0:23:30]} Ke5 {[%clk 0:03:08]} 36. h4 {[%clk
0:23:30]} Kxd5 {[%clk 0:03:30]} 37. Kf4 {[%clk 0:22:28]} Kc4 {[%clk 0:02:37]}
38. g5 {[%clk 0:22:49]} hxg5+ {[%clk 0:03:03]} 39. hxg5 {[%clk 0:23:13]} Kb3
{[%clk 0:03:28]} 40. g6 {[%clk 0:23:39]} Kxb2 41. g7 {[%clk 0:24:01]} Kxa3
{[%clk 0:04:19]} 42. g8=Q {[%clk 0:24:24]} Kb2 {[%clk 0:03:55]} 43. Qc4 {[%clk
0:23:50]} a3 {[%clk 0:04:02]} 44. Qb4+ {[%clk 0:24:15]} Ka2 {[%clk 0:04:16]}
45. Ke3 {[%clk 0:24:35]} 1-0